<?xml version="1.0" encoding="UTF-8"?>
<record
    xmlns:xsi="http://www.w3.org/2001/XMLSchema-instance"
    xsi:schemaLocation="http://www.loc.gov/MARC21/slim http://www.loc.gov/standards/marcxml/schema/MARC21slim.xsd"
    xmlns="http://www.loc.gov/MARC21/slim">

  <leader>02062nam a22002897a 4500</leader>
  <controlfield tag="001">1369</controlfield>
  <controlfield tag="005">20230822141548.0</controlfield>
  <controlfield tag="008">230822b        cb ||||| |||| 00| 0 khr d</controlfield>
  <datafield tag="020" ind1=" " ind2=" ">
    <subfield code="a">9789995054748</subfield>
  </datafield>
  <datafield tag="040" ind1=" " ind2=" ">
    <subfield code="a">FISKH</subfield>
    <subfield code="b">eng</subfield>
    <subfield code="c">FISKH</subfield>
    <subfield code="d">FISKH</subfield>
  </datafield>
  <datafield tag="082" ind1=" " ind2=" ">
    <subfield code="a">684.08</subfield>
  </datafield>
  <datafield tag="100" ind1=" " ind2=" ">
    <subfield code="a">Sumnea, Meng </subfield>
  </datafield>
  <datafield tag="245" ind1=" " ind2=" ">
    <subfield code="a">&#x1787;&#x17B8;&#x179C;&#x17B7;&#x178F;&#x1787;&#x17B6;&#x1784;&#x1785;&#x1798;&#x17D2;&#x179B;&#x17B6;&#x1780;&#x17CB;&#x1788;&#x17BE; / </subfield>
    <subfield code="c">&#x1793;&#x17B7;&#x1796;&#x1793;&#x17D2;&#x1792;&#x179A;&#x17BF;&#x1784;&#x178A;&#x17C4;&#x1799; &#x1798;&#x17C9;&#x17C1;&#x1784; &#x179F;&#x17BB;&#x1798;&#x1793;&#x17B6; - &#x1782;&#x17BC;&#x179A;&#x179A;&#x17BC;&#x1794;&#x178A;&#x17C4;&#x1799; Margherita del Balzo </subfield>
  </datafield>
  <datafield tag="250" ind1=" " ind2=" ">
    <subfield code="b">&#x1794;&#x17C4;&#x17C7;&#x1796;&#x17BB;&#x1798;&#x17D2;&#x1796;&#x179B;&#x17BE;&#x1780;&#x1791;&#x17B8; &#x17E7; &#x1781;&#x17C2;&#x1798;&#x17B7;&#x1790;&#x17BB;&#x1793;&#x17B6; &#x1786;&#x17D2;&#x1793;&#x17B6;&#x17C6; &#x17E2;&#x17E0;&#x17E2;&#x17E1; </subfield>
  </datafield>
  <datafield tag="260" ind1=" " ind2=" ">
    <subfield code="a">Phnom Penh : </subfield>
    <subfield code="b">Sipar, </subfield>
    <subfield code="c">2021.</subfield>
  </datafield>
  <datafield tag="300" ind1=" " ind2=" ">
    <subfield code="a">40 pages : </subfield>
    <subfield code="b">color illustrations ; </subfield>
    <subfield code="c">25 cm </subfield>
  </datafield>
  <datafield tag="490" ind1=" " ind2=" ">
    <subfield code="a">&#x1781;&#x17D2;&#x1789;&#x17BB;&#x17C6;&#x1785;&#x1784;&#x17CB;&#x17A2;&#x17B6;&#x1793; </subfield>
  </datafield>
  <datafield tag="505" ind1=" " ind2=" ">
    <subfield code="a">P 
</subfield>
  </datafield>
  <datafield tag="520" ind1=" " ind2=" ">
    <subfield code="a">&#x179F;&#x17BB;&#x1794;&#x17BB;&#x178F;&#x17D2;&#x179A;&#x17B6;&#x1782;&#x17BA;&#x1787;&#x17B6;&#x1780;&#x17BC;&#x1793;&#x1787;&#x17B6;&#x1784;&#x1785;&#x1798;&#x17D2;&#x179B;&#x17B6;&#x1780;&#x17CB;&#x1788;&#x17BE;&#x1798;&#x17D2;&#x1793;&#x17B6;&#x1780;&#x17CB;&#x17D4; &#x1790;&#x17D2;&#x1784;&#x17C3;&#x1798;&#x17BD;&#x1799;&#x1798;&#x17D2;&#x178A;&#x17B6;&#x1799;&#x179A;&#x1794;&#x179F;&#x17CB;&#x1781;&#x17D2;&#x179B;&#x17BD;&#x1793;&#x1794;&#x17B6;&#x1793;&#x1788;&#x17BA;&#x1792;&#x17D2;&#x1784;&#x1793;&#x17CB; &#x17A0;&#x17BE;&#x1799;&#x1798;&#x17B6;&#x1793;&#x1796;&#x17C1;&#x179B;&#x178F;&#x17C2; &#x17E7;&#x1790;&#x17D2;&#x1784;&#x17C3;&#x1794;&#x17C9;&#x17BB;&#x178E;&#x17D2;&#x178E;&#x17C4;&#x17C7; &#x1794;&#x17BE;&#x1782;&#x17D2;&#x1798;&#x17B6;&#x1793;&#x1790;&#x17D2;&#x1793;&#x17B6;&#x17C6;&#x1796;&#x17D2;&#x1799;&#x17B6;&#x1794;&#x17B6;&#x179B;&#x1791;&#x17C1;&#x1798;&#x17D2;&#x178A;&#x17B6;&#x1799;&#x179A;&#x1794;&#x179F;&#x17CB;&#x1781;&#x17D2;&#x179B;&#x17BD;&#x1793;&#x1793;&#x17B9;&#x1784;&#x179F;&#x17D2;&#x179B;&#x17B6;&#x1794;&#x17CB;&#x17D4; &#x179F;&#x17BB;&#x1794;&#x17BB;&#x178F;&#x17D2;&#x179A;&#x17B6; &#x1794;&#x17B6;&#x1793;&#x1791;&#x17C5;&#x179F;&#x17D2;&#x179C;&#x17C2;&#x1784;&#x179A;&#x1780;&#x1790;&#x17D2;&#x1793;&#x17B6;&#x17C6;&#x17A2;&#x17C4;&#x1799;&#x1798;&#x17D2;&#x178A;&#x17B6;&#x1799;&#x179A;&#x1794;&#x179F;&#x17CB;&#x1781;&#x17D2;&#x179B;&#x17BD;&#x1793;&#x1793;&#x17C5;&#x17AF;&#x1796;&#x17D2;&#x179A;&#x17C3;&#x17A2;&#x17B6;&#x1790;&#x17CD;&#x1780;&#x17C6;&#x1794;&#x17B6;&#x17C6;&#x1784;&#x1798;&#x17BD;&#x1799; &#x178A;&#x17C2;&#x179B;&#x1782;&#x17BD;&#x179A;&#x17B3;&#x17D2;&#x1799;&#x1781;&#x17D2;&#x179B;&#x17B6;&#x1785; &#x1790;&#x17C2;&#x1798;&#x1791;&#x17B6;&#x17C6;&#x1784;&#x1798;&#x17B6;&#x1793;&#x1799;&#x1780;&#x17D2;&#x179F;&#x1791;&#x17C0;&#x178F;&#x1795;&#x1784;&#x17D4; </subfield>
  </datafield>
  <datafield tag="520" ind1=" " ind2=" ">
    <subfield code="a">Sobotra is the son of a carpenter. One day his mother became very ill and in just seven days she would die without treatment. Sobotra went to find medicine for his mother in a mysterious forest that was scary and even had a giant&#x200B; monster. </subfield>
  </datafield>
  <datafield tag="521" ind1=" " ind2=" ">
    <subfield code="a">650  
</subfield>
    <subfield code="b">Lexile estimate 
</subfield>
  </datafield>
  <datafield tag="521" ind1=" " ind2=" ">
    <subfield code="a">P
</subfield>
    <subfield code="b">Raz-Plus 
</subfield>
  </datafield>
  <datafield tag="650" ind1=" " ind2=" ">
    <subfield code="a">Carpenter </subfield>
    <subfield code="v">Very ill </subfield>
    <subfield code="x">Secret forest </subfield>
  </datafield>
  <datafield tag="650" ind1=" " ind2=" ">
    <subfield code="a">&#x1787;&#x17B6;&#x1784;&#x1785;&#x1798;&#x17D2;&#x179B;&#x17B6;&#x1780;&#x17CB; </subfield>
    <subfield code="v">&#x1788;&#x17BA;&#x1792;&#x17D2;&#x1784;&#x1793;&#x17CB; </subfield>
    <subfield code="x">&#x1796;&#x17D2;&#x179A;&#x17C3;&#x17A2;&#x17B6;&#x1790;&#x17CD;&#x1780;&#x17C6;&#x1794;&#x17B6;&#x17C6;&#x1784; </subfield>
  </datafield>
  <datafield tag="700" ind1=" " ind2=" ">
    <subfield code="a">Balzo, Margherita del </subfield>
    <subfield code="c">illustrator </subfield>
  </datafield>
  <datafield tag="942" ind1=" " ind2=" ">
    <subfield code="2">ddc</subfield>
    <subfield code="c">BK</subfield>
    <subfield code="n">0</subfield>
  </datafield>
  <datafield tag="999" ind1=" " ind2=" ">
    <subfield code="c">1369</subfield>
    <subfield code="d">1369</subfield>
  </datafield>
  <datafield tag="952" ind1=" " ind2=" ">
    <subfield code="0">0</subfield>
    <subfield code="1">0</subfield>
    <subfield code="2">ddc</subfield>
    <subfield code="4">0</subfield>
    <subfield code="7">0</subfield>
    <subfield code="8">KH</subfield>
    <subfield code="a">001</subfield>
    <subfield code="b">001</subfield>
    <subfield code="c">KHRS</subfield>
    <subfield code="d">2023-08-22</subfield>
    <subfield code="l">0</subfield>
    <subfield code="o">SUM 684.08</subfield>
    <subfield code="p">2023-0318</subfield>
    <subfield code="r">2023-08-22 14:15:20</subfield>
    <subfield code="t">1</subfield>
    <subfield code="w">2023-08-22</subfield>
    <subfield code="y">KHB</subfield>
  </datafield>
  <datafield tag="952" ind1=" " ind2=" ">
    <subfield code="0">0</subfield>
    <subfield code="1">0</subfield>
    <subfield code="2">ddc</subfield>
    <subfield code="4">0</subfield>
    <subfield code="7">0</subfield>
    <subfield code="8">KH</subfield>
    <subfield code="a">001</subfield>
    <subfield code="b">001</subfield>
    <subfield code="c">KHRS</subfield>
    <subfield code="d">2023-08-22</subfield>
    <subfield code="l">1</subfield>
    <subfield code="o">SUM 684.08</subfield>
    <subfield code="p">2023-0319</subfield>
    <subfield code="q">2026-04-15</subfield>
    <subfield code="r">2026-04-01 08:18:35</subfield>
    <subfield code="s">2026-04-01</subfield>
    <subfield code="t">2</subfield>
    <subfield code="w">2023-08-22</subfield>
    <subfield code="y">KHB</subfield>
  </datafield>
  <datafield tag="952" ind1=" " ind2=" ">
    <subfield code="0">0</subfield>
    <subfield code="1">0</subfield>
    <subfield code="2">ddc</subfield>
    <subfield code="4">0</subfield>
    <subfield code="7">0</subfield>
    <subfield code="8">KH</subfield>
    <subfield code="a">001</subfield>
    <subfield code="b">001</subfield>
    <subfield code="c">OKHR</subfield>
    <subfield code="d">2024-06-27</subfield>
    <subfield code="l">0</subfield>
    <subfield code="o">SUM 684.08</subfield>
    <subfield code="p">FISTK03407</subfield>
    <subfield code="r">2024-06-27 15:28:03</subfield>
    <subfield code="t">3</subfield>
    <subfield code="w">2024-06-27</subfield>
    <subfield code="y">KHB</subfield>
  </datafield>
  <datafield tag="952" ind1=" " ind2=" ">
    <subfield code="0">0</subfield>
    <subfield code="1">0</subfield>
    <subfield code="2">ddc</subfield>
    <subfield code="4">0</subfield>
    <subfield code="7">0</subfield>
    <subfield code="8">KH</subfield>
    <subfield code="a">001</subfield>
    <subfield code="b">001</subfield>
    <subfield code="c">OKHR</subfield>
    <subfield code="d">2024-07-08</subfield>
    <subfield code="l">0</subfield>
    <subfield code="o">SUM 684.08</subfield>
    <subfield code="p">FISTKG2A047</subfield>
    <subfield code="r">2024-07-08 10:47:07</subfield>
    <subfield code="t">4</subfield>
    <subfield code="w">2024-07-08</subfield>
    <subfield code="y">KHB</subfield>
  </datafield>
  <datafield tag="952" ind1=" " ind2=" ">
    <subfield code="0">0</subfield>
    <subfield code="1">0</subfield>
    <subfield code="2">ddc</subfield>
    <subfield code="4">0</subfield>
    <subfield code="7">0</subfield>
    <subfield code="8">KH</subfield>
    <subfield code="a">001</subfield>
    <subfield code="b">001</subfield>
    <subfield code="c">OKHR</subfield>
    <subfield code="d">2024-07-08</subfield>
    <subfield code="l">0</subfield>
    <subfield code="o">SUM 684.08</subfield>
    <subfield code="p">FISTKG3B010</subfield>
    <subfield code="r">2024-07-08 10:48:08</subfield>
    <subfield code="t">5</subfield>
    <subfield code="w">2024-07-08</subfield>
    <subfield code="y">KHB</subfield>
  </datafield>
  <datafield tag="952" ind1=" " ind2=" ">
    <subfield code="0">0</subfield>
    <subfield code="1">0</subfield>
    <subfield code="2">ddc</subfield>
    <subfield code="4">0</subfield>
    <subfield code="7">0</subfield>
    <subfield code="8">KH</subfield>
    <subfield code="a">001</subfield>
    <subfield code="b">001</subfield>
    <subfield code="c">OKHR</subfield>
    <subfield code="d">2024-07-08</subfield>
    <subfield code="l">0</subfield>
    <subfield code="o">SUM 684.08</subfield>
    <subfield code="p">FISTK03411</subfield>
    <subfield code="r">2024-07-08 11:09:13</subfield>
    <subfield code="t">6</subfield>
    <subfield code="w">2024-07-08</subfield>
    <subfield code="y">KHB</subfield>
  </datafield>
  <datafield tag="952" ind1=" " ind2=" ">
    <subfield code="0">0</subfield>
    <subfield code="1">0</subfield>
    <subfield code="2">ddc</subfield>
    <subfield code="4">0</subfield>
    <subfield code="7">0</subfield>
    <subfield code="8">KH</subfield>
    <subfield code="a">002</subfield>
    <subfield code="b">002</subfield>
    <subfield code="c">TTP Khmer</subfield>
    <subfield code="d">2025-09-16</subfield>
    <subfield code="l">0</subfield>
    <subfield code="o">SUM 684.08</subfield>
    <subfield code="p">FISBK03811</subfield>
    <subfield code="r">2025-09-16 10:37:07</subfield>
    <subfield code="t">7</subfield>
    <subfield code="w">2025-09-16</subfield>
    <subfield code="y">KHB</subfield>
  </datafield>
  <datafield tag="952" ind1=" " ind2=" ">
    <subfield code="0">0</subfield>
    <subfield code="1">0</subfield>
    <subfield code="2">ddc</subfield>
    <subfield code="4">0</subfield>
    <subfield code="7">0</subfield>
    <subfield code="8">KH</subfield>
    <subfield code="a">002</subfield>
    <subfield code="b">002</subfield>
    <subfield code="c">TTP Khmer</subfield>
    <subfield code="d">2025-11-21</subfield>
    <subfield code="l">0</subfield>
    <subfield code="o">SUM 684.08</subfield>
    <subfield code="p">2025-4876</subfield>
    <subfield code="r">2025-11-21 11:28:19</subfield>
    <subfield code="t">8</subfield>
    <subfield code="w">2025-11-21</subfield>
    <subfield code="y">KHB</subfield>
  </datafield>
</record>
